000 00600nam a2200229Ia 4500
003 OSt
005 20230429122749.0
008 210423s2019 xx 000 0 und d
020 _a978-93-392-0536-2
040 _cAL
041 _aeng
082 _a658.15
_223
_bAPTI
100 _aAPTE (P G)
_995292
245 _aInternational financial management Ed 7
250 _a7
260 _aChennai
_bMcGrawhill Education
_c2019
300 _axviii,762
_bPB
365 _b795
_cINR
650 _aFinancial Management
_995293
906 _afinancial ; International ; management
942 _2ddc
_cBK
999 _c170489
_d170489